Statistics for US Cities: Only Vowels

Click here to take the quiz!

General Stats

  • This quiz has been taken 20 times
  • The average score is 12 of 28

Answer Stats

Vowels City % Correct
IAOChicago
78%
AUUEUEAlbuquerque
78%
IAIMiami
72%
IAEIAPhiladelphia
72%
OOUUHonolulu
67%
EAESeattle
61%
OEIPhoenix
61%
OOBoston
61%
EOIDetroit
56%
EEDenver
56%
OUOHouston
56%
AADallas
50%
OAEELos Angeles
50%
OAOAIYOklahoma City
44%
AIOEBaltimore
33%
AAIOSan Francisco
33%
OAOOrlando
33%
EONew York
33%
AIOWashington DC
33%
AIEOSan Diego
33%
AEALas Vegas
33%
AAOIOSan Antonio
28%
OAPortland
28%
AUIAustin
22%
AOESan Jose
22%
AIENashville
17%
OAAOakland
11%
AOIEJacksonville
11%

Score Distribution

Percentile by Number Answered

Percent of People with Each Score

Your Score History

You have not taken this quiz